Complete the Book Title (names) #3 - Statistics

General Stats
  • This quiz has been taken 71 times
  • The average score is 10 of 15
Answer Stats
Novel % Correct
The Adventures of {Huckleberry} Finn
100%
{Charlie} and the Chocolate Factory
98%
{Harry} Potter and the Deathly Hallows
98%
The Picture of {Dorian} Gray
93%
{Anne} of Green Gables
90%
{Tess} of the D'Urbevilles
85%
{Jude} the Obscure
72%
One Day in the Life of {Ivan} Denisovich
52%
{Danny}, the Champion of the World
51%
The Tale of {Jemima} Puddle-Duck
49%
{Stig} of the Dump
48%
The Murder of {Roger} Ackroyd
46%
{Tom}'s Midnight Garden
33%
{Billy} Liar
31%
{Alexander} and the Terrible, Horrible, No Good, Very Bad Day
20%
No matching quizzes found
Score Distribution
Percent of People with Each Score
Percentile by Number Answered
Your Score History
You have not taken this quiz